Off Campus - Personnages - Statistiques

Statistiques générales
  • Ce quiz a été pris 106 fois
  • Le résultat moyen est 8 sur 16
Statistiques - réponses
Tome Protagonistes % Correct
The Score Dean Heyward Di-Laurentis
95%
The Mistake John Logan
95%
The Deal Garrett Graham
94%
The Deal Hannah Wells
91%
The Score Allie Hayes
82%
The Goal John Tucker
80%
The Mistake Grace Ivers
71%
The Goal Sabrina James
48%
The Chase Summer Heyward Di-Laurentis
48%
The Play Hunter Davenport
47%
The Chase Colin Fitzgerald
22%
The Risk Jake Connelly
22%
The Risk Brenna Jensen
16%
The Play Demi Davis
15%
The Dare Conor Edwards
11%
The Dare Taylor Marsh
11%
Aucun quiz correspondant
Distribution des résultats
% des personnes avec chaque résultat
Percentile par nombre de réponses
Votre historique - résultats
Vous n’avez pas pris ce quiz